000 00484nam a22001937a 4500
003 MPLRDC
005 20220105061156.0
008 210129b ||||| |||| 00| 0 eng d
020 _a978-7-5090-0259-9
082 _a947.415 WW-15
100 _a弯弯
245 _a可不可以不要上学
_c
250 _a初版一刷
260 _a中国
_b当代世界出版社
_c2007
300 _b
490 _a弯弯涂鸦日记: 3
650 _a画册
942 _cBK
_o947.415 WW-15
999 _c69936
_d69926